Text Mining with MATLAB (Record no. 327857)
[ view plain ]
| 000 -LEADER | |
|---|---|
| fixed length control field | 00347 a2200145 4500 |
| 001 - CONTROL NUMBER | |
| control field | 92784 |
| 020 ## - INTERNATIONAL STANDARD BOOK NUMBER | |
| International Standard Book Number | 978-1-4899-9464-6 |
| 082 ## - DEWEY DECIMAL CLASSIFICATION NUMBER | |
| Classification number | 006.312/BAN |
| 090 ## - LOCALLY ASSIGNED LC-TYPE CALL NUMBER (OCLC); LOCAL CALL NUMBER (RLIN) | |
| -- | 44549 |
| -- | 44550 |
| 100 ## - MAIN ENTRY--PERSONAL NAME | |
| Personal name | Rafael E. Banchs |
| 245 ## - TITLE STATEMENT | |
| Title | Text Mining with MATLAB |
| 260 ## - PUBLICATION, DISTRIBUTION, ETC. | |
| Place of publication, distribution, etc. | New york |
| Name of publisher, distributor, etc. | Springer |
| Date of publication, distribution, etc. | 2013 |
| 300 ## - PHYSICAL DESCRIPTION | |
| Extent | xi, 355p. |
| 500 ## - GENERAL NOTE | |
| General note | MS Reference Book |
| 942 ## - ADDED ENTRY ELEMENTS (KOHA) | |
| Institution code [OBSOLETE] | CAE NUST |
| Call number prefix | 006.312/BAN |
| Withdrawn status | Lost status | Damaged status | Not for loan | Collection code | Permanent Location | Current Location | Date acquired | Total Checkouts | Full call number | Barcode | Date last seen | Price effective from | Koha item type |
|---|---|---|---|---|---|---|---|---|---|---|---|---|---|
| College of Aeronautical Engineering (CAE) | College of Aeronautical Engineering (CAE) | 04/03/2017 | 006.312/BAN | CAEN-6459 | 04/05/2017 | 04/05/2017 | Book |
